Australiens célèbres par images - Statistiques

Statistiques générales
  • Ce quiz a été pris 203 fois
  • Le résultat moyen est 5 sur 16
Statistiques - réponses
Par images Réponse % Correct
Margot Robbie
84%
Hugh Jackman
65%
Chris Hemsworth
64%
Cate Blanchett
51%
Sia
48%
Heath Ledger
40%
Kylie Minogue
29%
Simon Baker
29%
Kyrie Irving
28%
Tim Cahill
25%
Tina Arena
18%
Eric Bana
12%
Georges Lazenby
11%
Paul Hogan
9%
Geoffrey Rush
5%
Rod Taylor
3%
Aucun quiz correspondant
Distribution des résultats
% des personnes avec chaque résultat
Percentile par nombre de réponses
Votre historique - résultats
Vous n’avez pas pris ce quiz